Представление документа в формате RUSMARC

Поле Инд. ПП Название Значение
Тип записи a
Библиографический уровень s
001 Контрольный номер 0fa57846d15446eb953d40ec102013f5
005 Дата корректировки 20250219131801.4
011 a ISSN 0134-2398
101 0_ a Язык текста rus
102 a Страна публикации RU
200 1_ a Заглавие Хозяйство и право
203 c Тип средства непосредственный
210 1_ d Дата издания 2017
300 a Общие примечания Режим доступа: Читальный зал
610 0_ a Ключевые слова Периодика 2017
801 _1 a Страна RU
b Организация РГУП
g Правила каталогизации PSBO
830 a Общее примечание каталогизатора Подписка 2017
901 t Тип документа u
905 a Дата ввода 20170905